|
|
|
|
| LEADER |
00606nam a22002052a 4500 |
| 001 |
000298989 |
| 003 |
CZ BrMZK |
| 005 |
20091209091911.0 |
| 007 |
ta |
| 008 |
980105s1963 gw f ger d |
| 040 |
|
|
|a BOA001
|b cze
|
| 100 |
1 |
|
|a Kellermann, Bernhard,
|d 1879-1951
|7 jn19990004255
|4 aut
|
| 245 |
1 |
4 |
|a Das blaue Band :
|b Roman /
|c Bernhard Kellermann
|
| 250 |
|
|
|a 1. Aufl.
|
| 260 |
|
|
|a Berlin :
|b Volk und Welt,
|c 1963
|
| 300 |
|
|
|a 427 s.
|
| 910 |
|
|
|a BOA001
|b 1-0501.461
|
| 990 |
|
|
|a BK
|
| 991 |
|
|
|b 200908
|
| 996 |
7 |
|
|b 2619866466
|c 1-0501.461
|l MZK
|r Sklad / do 1 hodiny
|n 0
|w 000298989
|u 000010
|a 1
|e BOA001
|j MZK50
|s A
|